000 01357nam a2200349 i 4500
001 13724
003 KOSZ 005
005 20191214090758.0
008 080912s1953 pl a g 000 0 pol
015 _aPB 1953/7311
040 _aWA N
_cWA N
_dKOSZ 005/RW
041 1 _apol
_hrus
080 _a335.5
100 1 _aLenin, Włodzimierz
_d(1870-1924).
_eAutor
245 1 0 _aDzieła.
_nT. 26,
_pWrzesień 1917 - luty 1918 /
_cW. I. Lenin.
246 1 _iTytuł oryginału:
_aSočineniâ
260 _aWarszawa :
_b"Książka i Wiedza",
_c1953.
300 _aIX, [1], 593, [1] strony, [5] kart tablic
_bilustracje ;
_c20 cm.
336 _aTekst
_btxt
_2rdacontent
337 _aBez urządzenia pośredniczącego
_bn
_2rdamedia
338 _aWolumin
_bnc
_2radcarrier
380 _aKsiążki.
500 _aPrzekład z 4 wydania rosyjskiego przygotowanego przez Instytut Marksa-Engelsa-Lenina przy KC WKP(b).
500 _aWydanie polskie drukuje się na mocy uchwały KC PZPR.
658 _aFilozofia i etyka
658 _aPolityka, politologia, administracja publiczna
658 _aHistoria
650 4 _aMarksizm
710 2 _aSpółdzielnia Wydawniczo-Handlowa "Książka i Wiedza"
_4pbl.
856 _uhttp://koha.tu.koszalin.pl/cgi-bin/koha/opac-detail.pl?biblionumber=13724
_yKatalog online BPK
942 _2UKD
_cKS
999 _c13724
_d13724